[Event "Central Serbia 2015 Cup"]
[Site "Vrnjacka Banja"]
[Date "2015.05.02"]
[Round "7.3"]
[White "Ivic, Matija"]
[Black "Brajovic, Miroljub"]
[Result "0-1"]
[WhiteElo "2000"]
[BlackElo "2102"]
[PlyCount "92"]
[EventDate "2015.03.22"]

1. Nf3 Nf6 2. c4 d6 3. g3 Nbd7 4. d4 c6 5. Bg2 Qc7 6. Nc3 e5 7. e4 Be7 8. O-O
O-O 9. h3 Re8 10. Be3 Nf8 11. d5 c5 12. Ne1 Ng6 13. Nd3 Bd7 14. a4 Qc8 15. Kh2
Bf8 16. Qd2 h6 17. Rae1 Nh7 18. Qe2 f5 19. exf5 Bxf5 20. Ne4 Nh8 21. Qd2 Qd7
22. b3 Bxe4 23. Bxe4 Nf6 24. Bg2 Ng6 25. Qc2 Qf7 26. f3 a6 27. h4 Rab8 28. Bh3
Nh8 29. Be6 Rxe6 30. dxe6 Qxe6 31. Nf2 b5 32. axb5 axb5 33. Ne4 Nd7 34. Bd2 Nf7
35. Kg2 bxc4 36. bxc4 Qg6 37. Nf6+ Qxf6 38. f4 Qe6 39. Ba5 Re8 40. f5 Qe7 41.
Bc3 Nf6 42. Rb1 Qd7 43. Rfd1 Qc6+ 44. Kg1 h5 45. Qe2 Nh6 46. Rf1 Nhg4 0-1

[Event "Central Serbia 2015 Cup"]
[Site "Vrnjacka Banja"]
[Date "2015.05.02"]
[Round "7.4"]
[White "Blagojevic, Nebojsa"]
[Black "Vujic, Mihailo"]
[Result "0-1"]
[WhiteElo "2313"]
[BlackElo "2332"]
[PlyCount "74"]
[EventDate "2015.03.22"]

1. e4 e5 2. Nf3 Nc6 3. d4 exd4 4. Nxd4 Nf6 5. Nxc6 bxc6 6. Bd3 d5 7. Nd2 Bc5 8.
h3 dxe4 9. Nxe4 Nxe4 10. Bxe4 Qxd1+ 11. Kxd1 Bd7 12. Ke2 O-O-O 13. Re1 Rhe8 14.
Kf1 h6 15. Bd3 Rxe1+ 16. Kxe1 Bd4 17. Be3 Bxe3 18. fxe3 Be6 19. Ba6+ Kd7 20.
Rd1+ Ke7 21. Rxd8 Kxd8 22. Kd2 Ke7 23. Kd3 Kd6 24. Bc4 Bf5+ 25. Kd2 f6 26. Be2
g5 27. Bf3 Be6 28. a3 f5 29. Be2 Ke5 30. Bf3 c5 31. b3 g4 32. hxg4 fxg4 33. Bd1
g3 34. Bf3 Bf7 35. Ke2 h5 36. c4 a5 37. Kd2 h4 0-1

[Event "Central Serbia 2015 Cup"]
[Site "Vrnjacka Banja"]
[Date "2015.05.02"]
[Round "7.4"]
[White "Tojagic, Dane"]
[Black "Mitrovic, Marjan"]
[Result "1-0"]
[WhiteElo "2257"]
[BlackElo "2089"]
[PlyCount "85"]
[EventDate "2015.03.22"]

1. d4 Nf6 2. c4 g6 3. Nc3 d5 4. Nf3 Bg7 5. Bg5 Ne4 6. cxd5 Nxg5 7. Nxg5 e6 8.
Qd2 exd5 9. Qe3+ Kf8 10. Qf4 Bf6 11. h4 h6 12. Nf3 Kg7 13. O-O-O Be6 14. e3 c5
15. dxc5 Bxc3 16. bxc3 Qa5 17. Kb2 Nc6 18. Nd4 Qxc5 19. Bd3 Qb6+ 20. Ka1 Qa5
21. Rc1 Nxd4 22. Qxd4+ f6 23. h5 g5 24. Bc2 Rac8 25. Bb3 Bf7 26. e4 Rhd8 27. e5
Qb6 28. Qxb6 axb6 29. exf6+ Kxf6 30. g4 Re8 31. Rh3 Re4 32. Rf3+ Rf4 33. Rxf4+
gxf4 34. Kb2 Re8 35. Ka3 Kg5 36. Kb4 Kxg4 37. Rg1+ Kf3 38. Rg7 Be6 39. Rg6 Kxf2
40. Rxh6 Ke2 41. Rf6 f3 42. Ba4 Bg4 43. Bxe8 1-0

[Event "Central Serbia 2015 Cup"]
[Site "Vrnjacka Banja"]
[Date "2015.05.02"]
[Round "7.4"]
[White "Djoric, Hadzi Goran"]
[Black "Markovic, Dragan P"]
[Result "0-1"]
[WhiteElo "2126"]
[BlackElo "2211"]
[PlyCount "118"]
[EventDate "2015.03.22"]

1. e4 c6 2. d4 d5 3. exd5 cxd5 4. Nf3 Nf6 5. h3 Bf5 6. Bd3 Bxd3 7. Qxd3 Nc6 8.
c3 Qc7 9. Nbd2 e6 10. O-O Bd6 11. Re1 O-O 12. b3 Rac8 13. Bb2 Rfd8 14. a3 h6
15. Red1 Na5 16. a4 b6 17. b4 Nc6 18. Nb3 a5 19. b5 Ne7 20. Nbd2 Bf4 21. Re1
Ng6 22. Qf1 Ne8 23. Nb3 Nd6 24. g3 Nc4 25. Bc1 Bxc1 26. Rexc1 Rd7 27. Qd3 Qd6
28. Nbd2 Rdc7 29. Nxc4 Rxc4 30. Nd2 R4c7 31. Kg2 Ne7 32. Kf1 Nf5 33. Nb1 Qd8
34. Re1 Nd6 35. Ra2 Rc4 36. h4 Qc7 37. Ra3 Nf5 38. Kg2 Nd6 39. Re3 Qe7 40. Kg1
R4c7 41. Kg2 Nc4 42. Ra2 Nxe3+ 43. fxe3 f5 44. Rf2 Rc4 45. Ra2 Qf7 46. Ra3 Qe7
47. Kf2 Qc7 48. Ra2 Qf7 49. Qe2 Qg6 50. Qd1 Qf7 51. h5 Qf6 52. Ra3 Qg5 53. Qf3
Kf7 54. Ke2 Qg4 55. Qxg4 fxg4 56. e4 Kf6 57. Ke3 Kg5 58. Ra2 Rf8 59. Ra3 Rf3+
0-1

[Event "Central Serbia 2015 Cup"]
[Site "Vrnjacka Banja"]
[Date "2015.05.02"]
[Round "6.1"]
[White "Delchev, Aleksander"]
[Black "Mrsevic, Miroslav"]
[Result "1-0"]
[WhiteElo "2607"]
[BlackElo "2300"]
[PlyCount "63"]
[EventDate "2015.03.22"]

1. e4 d6 2. d4 Nf6 3. Nc3 e5 4. Nf3 Nbd7 5. Bc4 Be7 6. a4 a5 7. O-O O-O 8. Re1
c6 9. h3 exd4 10. Nxd4 Nc5 11. b3 Be6 12. Bf1 Qb6 13. Ba3 Rad8 14. Qf3 Kh8 15.
Rad1 Bc8 16. Kh1 h6 17. Nf5 Bxf5 18. Qxf5 Nfd7 19. Ne2 Kg8 20. Nd4 Rfe8 21. Qf3
g6 22. Qg3 Kh7 23. Nf3 Nf6 24. Nd2 d5 25. exd5 cxd5 26. Qe3 d4 27. Qf3 Qc7 28.
Bc4 Rf8 29. Rxe7 Qxe7 30. Bxc5 Qxc5 31. Qxf6 Rd6 32. Qe7 1-0

[Event "Central Serbia 2015 Cup"]
[Site "Vrnjacka Banja"]
[Date "2015.05.02"]
[Round "6.1"]
[White "Kahrovic, Mersid"]
[Black "Mincic, Srbislav"]
[Result "1/2-1/2"]
[WhiteElo "2292"]
[BlackElo "2241"]
[PlyCount "20"]
[EventDate "2015.03.22"]

1. c4 e6 2. Nc3 d5 3. d4 Nf6 4. Nf3 c6 5. e3 Nbd7 6. a3 Bd6 7. Bd3 O-O 8. O-O
dxc4 9. Bxc4 e5 10. Qc2 Qe7 1/2-1/2

[Event "Central Serbia 2015 Cup"]
[Site "Vrnjacka Banja"]
[Date "2015.05.02"]
[Round "6.1"]
[White "Petrov, Georgi"]
[Black "Dumic, Marko"]
[Result "1-0"]
[WhiteElo "2205"]
[BlackElo "2262"]
[PlyCount "61"]
[EventDate "2015.03.22"]

1. Nf3 d5 2. d4 e6 3. c4 f5 4. Bg5 Be7 5. Bxe7 Qxe7 6. cxd5 exd5 7. e3 Nf6 8.
Be2 O-O 9. O-O Ne4 10. Ne5 Nd7 11. f4 Nxe5 12. dxe5 Be6 13. Nc3 Rfd8 14. Qa4 a6
15. Rac1 Nd2 16. Rfd1 Nc4 17. Nxd5 Rxd5 18. Bxc4 Rxd1+ 19. Rxd1 b5 20. Bxe6+
Qxe6 21. Qb3 Qxb3 22. axb3 c5 23. Rd6 a5 24. Rb6 b4 25. Rc6 Rd8 26. Rxc5 Rd1+
27. Kf2 Rd2+ 28. Kf3 Rxb2 29. Rxa5 Rxb3 30. e6 Kf8 31. Rxf5+ 1-0

[Event "Central Serbia 2015 Cup"]
[Site "Vrnjacka Banja"]
[Date "2015.05.02"]
[Round "6.1"]
[White "Brajovic, Miroljub"]
[Black "Milutinovic, Stefana"]
[Result "1/2-1/2"]
[WhiteElo "2102"]
[BlackElo "2124"]
[PlyCount "105"]
[EventDate "2015.03.22"]

1. e4 c5 2. c3 d5 3. exd5 Qxd5 4. d4 Nf6 5. Nf3 Bf5 6. Be2 cxd4 7. cxd4 Bxb1 8.
Rxb1 e6 9. a3 Bd6 10. Qa4+ Nc6 11. Qb5 O-O 12. Qxd5 Nxd5 13. g3 Rac8 14. O-O
Rfd8 15. Rd1 Bxa3 16. bxa3 Nc3 17. Bb2 Nxd1 18. Rxd1 Na5 19. Bd3 Rd6 20. Kg2
Rb6 21. Rd2 Rb3 22. h4 b5 23. d5 Nc4 24. Bxc4 bxc4 25. dxe6 c3 26. exf7+ Kxf7
27. Bxc3 Rbxc3 28. Rd7+ Kg8 29. Rxa7 Rf8 30. Ng5 Rc2 31. Nh3 Rd8 32. Ng5 Rf8
33. Nh3 Rcc8 34. Nf4 Ra8 35. Rb7 Rf7 36. Rb3 Rfa7 37. Nh5 Rxa3 38. Rb7 R3a7 39.
Rb6 Rc7 40. Rb2 Rac8 41. Nf4 Rc2 42. Rb7 R8c7 43. Rb5 Rd7 44. Rb8+ Kf7 45. Rb5
g6 46. Rb6 Rdc7 47. Nd5 R2c6 48. Rb3 Rd7 49. Nf4 Rf6 50. Rb2 h6 51. Rb5 Rf5 52.
Rb2 Kg7 53. Ra2 1/2-1/2

[Event "Central Serbia 2015 Cup"]
[Site "Vrnjacka Banja"]
[Date "2015.05.02"]
[Round "6.2"]
[White "Radosavljevic, Slobodan D"]
[Black "Zajic, Milan"]
[Result "0-1"]
[WhiteElo "2167"]
[BlackElo "2480"]
[PlyCount "68"]
[EventDate "2015.03.22"]

1. g3 e5 2. Bg2 Nc6 3. d3 g6 4. c4 Bg7 5. Nc3 d6 6. Rb1 a5 7. a3 Nge7 8. b4
axb4 9. axb4 O-O 10. b5 Nd4 11. e3 Ne6 12. Nge2 f5 13. f4 g5 14. O-O Ng6 15.
Bb2 h5 16. Ra1 Rxa1 17. Qxa1 Kh7 18. Nd1 Qe7 19. Nec3 Nc5 20. Nf2 Ne6 21. Qa7
exf4 22. Nd5 Qf7 23. Bxg7 Qxg7 24. exf4 gxf4 25. Nh3 fxg3 26. hxg3 Nd4 27. Ng5+
Kh8 28. Nf3 Ne2+ 29. Kf2 Nxg3 30. Rg1 f4 31. Qd4 Ne5 32. Nxe5 dxe5 33. Qc5 e4
34. d4 b6 0-1

[Event "Central Serbia 2015 Cup"]
[Site "Vrnjacka Banja"]
[Date "2015.05.02"]
[Round "6.2"]
[White "Radovanovic, Nikola"]
[Black "Milosevic, Aleksandar"]
[Result "1-0"]
[WhiteElo "2400"]
[BlackElo "2278"]
[PlyCount "79"]
[EventDate "2015.03.22"]

1. d4 Nf6 2. c4 e6 3. Nf3 d5 4. Nc3 c5 5. cxd5 Nxd5 6. e4 Nxc3 7. bxc3 cxd4 8.
cxd4 Bb4+ 9. Bd2 Bxd2+ 10. Qxd2 O-O 11. Bc4 Nd7 12. O-O Nf6 13. Bd3 h6 14. Rac1
b6 15. a4 Bb7 16. Rfe1 Rc8 17. Rb1 Rc7 18. a5 Qa8 19. axb6 axb6 20. Qe2 Nd7 21.
Nd2 Qa4 22. Nc4 Ra8 23. Nd6 Bc6 24. Qe3 Qa2 25. Nxf7 Nf8 26. Nd6 Ra3 27. Re2
Qxb1+ 28. Bxb1 Rxe3 29. fxe3 Rd7 30. e5 Ra7 31. Rb2 b5 32. Bd3 Ra3 33. Bxb5
Bxb5 34. Rxb5 Rxe3 35. Rb7 Rd3 36. Ne8 Rxd4 37. Rxg7+ Kh8 38. Rf7 Kg8 39. Re7
Nd7 40. Rxd7 1-0

[Event "Central Serbia 2015 Cup"]
[Site "Vrnjacka Banja"]
[Date "2015.05.02"]
[Round "6.2"]
[White "Popovic, Djordje D"]
[Black "Cvetanovic, Uros"]
[Result "0-1"]
[WhiteElo "2216"]
[BlackElo "2261"]
[PlyCount "78"]
[EventDate "2015.03.22"]

1. c4 e5 2. Nc3 Nc6 3. g3 a6 4. Bg2 Bc5 5. e3 d6 6. Nge2 Bg4 7. h3 Bh5 8. d3
Nge7 9. a3 f5 10. Qc2 O-O 11. Bd2 Rb8 12. Nd5 Nxd5 13. cxd5 Ne7 14. g4 Bg6 15.
f4 Ba7 16. e4 fxg4 17. hxg4 exf4 18. Nxf4 Bf7 19. O-O-O Ng6 20. Nh5 c6 21. Kb1
Rc8 22. Qc3 Ne5 23. d4 cxd5 24. Qh3 Nd7 25. Nxg7 Bg6 26. Nf5 Nf6 27. e5 dxe5
28. dxe5 Nxg4 29. Qxg4 Rxf5 30. Ka1 Rc4 31. Qg3 Bd4 32. Rxh7 Kxh7 33. Rh1+ Rh5
34. Rxh5+ Bxh5 35. Qh3 Bxb2+ 36. Ka2 Rh4 37. Qe3 Rh2 38. Qh6+ Kg8 39. Bg5 Rxg2
0-1

[Event "Central Serbia 2015 Cup"]
[Site "Vrnjacka Banja"]
[Date "2015.05.02"]
[Round "6.2"]
[White "Djordjevic, Vuk"]
[Black "Stefanovic, Vladimir"]
[Result "1-0"]
[WhiteElo "2165"]
[BlackElo "2224"]
[PlyCount "69"]
[EventDate "2015.03.22"]

1. e4 c5 2. Nf3 Nc6 3. Bb5 d6 4. O-O Bd7 5. Re1 Nf6 6. c3 a6 7. Bf1 Bg4 8. d3
g6 9. Nbd2 Bg7 10. h3 Bxf3 11. Nxf3 O-O 12. d4 Nd7 13. Be3 Rc8 14. Qd2 cxd4 15.
cxd4 Nb6 16. Rac1 d5 17. e5 Qd7 18. Bh6 e6 19. Nh2 Qe7 20. Bxg7 Kxg7 21. Ng4
Nd7 22. a3 f5 23. Nh2 Na7 24. f4 Rxc1 25. Rxc1 Rc8 26. Nf3 Rxc1 27. Qxc1 Qd8
28. Ng5 Nf8 29. Qc5 Nc6 30. Bxa6 Nxd4 31. Qxd4 bxa6 32. Qa7+ Kg8 33. Qf7+ Kh8
34. Qxh7+ Nxh7 35. Nf7+ 1-0

[Event "Central Serbia 2015 Cup"]
[Site "Vrnjacka Banja"]
[Date "2015.05.02"]
[Round "6.3"]
[White "Irizanin, Radoje"]
[Black "Todorovic, Bojan"]
[Result "1/2-1/2"]
[WhiteElo "2274"]
[BlackElo "2363"]
[PlyCount "31"]
[EventDate "2015.03.22"]

1. Nf3 c5 2. b3 Nf6 3. Bb2 e6 4. e3 Be7 5. c4 O-O 6. Be2 b6 7. O-O Bb7 8. d3
Nc6 9. Nbd2 Qc7 10. a3 Rac8 11. Qc2 d5 12. Rac1 Rfd8 13. Rfe1 dxc4 14. Nxc4 b5
15. Nce5 Qb6 16. Qb1 1/2-1/2

[Event "Central Serbia 2015 Cup"]
[Site "Vrnjacka Banja"]
[Date "2015.05.02"]
[Round "6.3"]
[White "Nikolic, Boban"]
[Black "Smolovic, Mile"]
[Result "1/2-1/2"]
[WhiteElo "2216"]
[BlackElo "2317"]
[PlyCount "87"]
[EventDate "2015.03.22"]

1. Nf3 d6 2. c4 g6 3. Nc3 Bg7 4. d4 Nf6 5. Bg5 h6 6. Bh4 g5 7. Bg3 Nh5 8. e3
Nd7 9. Qd3 Ndf6 10. Be2 c6 11. O-O-O Nxg3 12. hxg3 Ng4 13. Rdf1 Qa5 14. Nd2 Bf5
15. e4 Bd7 16. Nb3 Qc7 17. f3 Nf6 18. f4 O-O-O 19. e5 Nh7 20. Qe3 Kb8 21. Bh5
Be8 22. Ne4 f5 23. Bxe8 Rhxe8 24. Nc3 e6 25. Kb1 g4 26. Rd1 d5 27. cxd5 exd5
28. Rc1 Qf7 29. Na4 Nf8 30. Na5 Ne6 31. Rc3 Ka8 32. Rb3 Rd7 33. Rc1 Bf8 34. Qd3
Rc8 35. a3 Be7 36. Rbc3 Bd8 37. b4 Bxa5 38. bxa5 Rdc7 39. R3c2 Kb8 40. Qd2 Qf8
41. Ka2 Qe7 42. Nb6 Rd8 43. Na4 Rdc8 44. Nb6 1/2-1/2

[Event "Central Serbia 2015 Cup"]
[Site "Vrnjacka Banja"]
[Date "2015.05.02"]
[Round "6.3"]
[White "Mirkovic, Stevan"]
[Black "Mitic, Milan"]
[Result "1-0"]
[WhiteElo "2315"]
[BlackElo "2113"]
[PlyCount "51"]
[EventDate "2015.03.22"]

1. Nf3 Nf6 2. c4 c6 3. Nc3 d5 4. d4 e6 5. Bg5 Be7 6. e3 Nbd7 7. Bd3 O-O 8. O-O
dxc4 9. Bxc4 b5 10. Bd3 b4 11. Ne4 Nxe4 12. Bxe7 Qxe7 13. Bxe4 f5 14. Bxc6 Rb8
15. Bxd7 Bxd7 16. Ne5 Be8 17. Rc1 Qg5 18. Qf3 Rd8 19. Rc7 a5 20. Qg3 Qxg3 21.
hxg3 Kh8 22. Rfc1 Bb5 23. R1c5 Rd5 24. Rxd5 exd5 25. Rc5 Rb8 26. Rxd5 1-0

[Event "Central Serbia 2015 Cup"]
[Site "Vrnjacka Banja"]
[Date "2015.05.02"]
[Round "6.3"]
[White "Pejcic, Milutin"]
[Black "Matovic, Petar"]
[Result "1-0"]
[WhiteElo "2167"]
[BlackElo "2203"]
[PlyCount "73"]
[EventDate "2015.03.22"]

1. Nf3 d5 2. g3 Bf5 3. Bg2 e6 4. c4 c6 5. O-O Nf6 6. Qb3 Qc8 7. Nc3 Be7 8. d4
Nbd7 9. Bf4 O-O 10. Rac1 dxc4 11. Qxc4 Qd8 12. Rfd1 Qa5 13. Ne5 Qb4 14. e4 Bg6
15. Qxb4 Bxb4 16. Nxg6 hxg6 17. a3 Be7 18. d5 e5 19. dxc6 bxc6 20. Be3 Bc5 21.
Na4 Bxe3 22. fxe3 Rfc8 23. Rd6 c5 24. g4 Rc7 25. g5 Nh7 26. h4 Rb8 27. b4 c4
28. Bf1 Rbc8 29. Bh3 Nhf8 30. Nc3 Rb8 31. Nd5 Rcb7 32. Rxc4 a5 33. Ne7+ Kh7 34.
Nc6 axb4 35. Nxb8 Nxb8 36. Rxb4 Rxb4 37. axb4 1-0

[Event "Central Serbia 2015 Cup"]
[Site "Vrnjacka Banja"]
[Date "2015.05.02"]
[Round "6.4"]
[White "Al Atarji, Sami"]
[Black "Blagojevic, Nebojsa"]
[Result "1-0"]
[WhiteElo "2118"]
[BlackElo "2313"]
[PlyCount "64"]
[EventDate "2015.03.22"]

1. b3 e5 2. Bb2 Nc6 3. e3 g6 4. f4 Bg7 5. Nf3 d6 6. Bb5 Bd7 7. O-O Nge7 8. fxe5
dxe5 9. Ng5 f6 10. Bc4 Qc8 11. Bf7+ Kf8 12. Bc4 Nf5 13. Ne4 Be6 14. Qe2 Ke8 15.
Nbc3 Bxc4 16. Qxc4 Rf8 17. Rae1 Nd6 18. Nxd6+ cxd6 19. Ba3 Qd7 20. Nb5 d5 21.
Qxd5 Qxd5 22. Nc7+ Kd7 23. Nxd5 Rf7 24. g4 Rd8 25. Rf2 Ke6 26. c4 Bf8 27. Bb2
Nb4 28. Nxb4 Bxb4 29. Ree2 Rd3 30. Kf1 Rfd7 31. Ke1 Bc5 32. g5 b6 1-0

[Event "Central Serbia 2015 Cup"]
[Site "Vrnjacka Banja"]
[Date "2015.05.02"]
[Round "6.4"]
[White "Kostic, Nebojsa G"]
[Black "Djoric, Hadzi Goran"]
[Result "0-1"]
[WhiteElo "2046"]
[BlackElo "2126"]
[PlyCount "112"]
[EventDate "2015.03.22"]

1. e4 e5 2. Nf3 Nc6 3. Bb5 a6 4. Bxc6 dxc6 5. h3 f6 6. d4 exd4 7. Qxd4 Qxd4 8.
Nxd4 c5 9. Nf3 Bd6 10. Nc3 Ne7 11. O-O Be6 12. Re1 Nc6 13. a3 O-O-O 14. Be3 g5
15. Nh2 h5 16. Nf1 Rhg8 17. Rad1 Rd7 18. Nd5 Rf7 19. Nc3 b6 20. Rd2 Be5 21.
Rdd1 Na5 22. Bc1 Nc4 23. Na4 Bd7 24. b3 Bxa4 25. bxa4 Bc3 26. Re2 Rd8 27. Rxd8+
Kxd8 28. Ne3 Rd7 29. Nxc4 Rd1+ 30. Kh2 Rxc1 31. g3 b5 32. axb5 axb5 33. Ne3 Be5
34. Rd2+ Ke8 35. Kg2 c4 36. Nf5 c3 37. Re2 Kf7 38. Kf3 Ra1 39. Ke3 Rxa3 40. h4
g4 41. f4 gxf3 42. Kxf3 c5 43. Kg2 Ra1 44. g4 hxg4 45. Nh6+ Kg6 46. Nxg4 Ra3
47. Ne3 Ra2 48. Kf3 b4 49. Nc4 Ra7 50. Kg4 Rd7 51. h5+ Kh6 52. Kf5 Rd4 53. Ne3
Rd2 54. Re1 Rf2+ 55. Ke6 Kxh5 56. Kd5 Bd4 0-1

[Event "Central Serbia 2015 Cup"]
[Site "Vrnjacka Banja"]
[Date "2015.05.03"]
[Round "8.5"]
[White "Irizanin, Radoje"]
[Black "Blagojevic, Nebojsa"]
[Result "1/2-1/2"]
[WhiteElo "2295"]
[BlackElo "2313"]
[PlyCount "91"]
[EventDate "2015.03.22"]

1. Nf3 g6 2. d4 Bg7 3. Bf4 d6 4. e3 Nf6 5. h3 O-O 6. Be2 c6 7. O-O Re8 8. c4
Nbd7 9. Nc3 Nf8 10. Bh2 b6 11. Qc2 Bb7 12. Rfd1 Rc8 13. e4 N6d7 14. e5 d5 15.
cxd5 cxd5 16. Qb3 Nb8 17. Bb5 Nc6 18. Qxd5 Qxd5 19. Nxd5 e6 20. Nc3 a6 21. Bd3
Nb4 22. Be4 Nd5 23. Bxd5 exd5 24. Bf4 b5 25. Rac1 Ne6 26. Be3 Bf8 27. Ne2 Be7
28. Rxc8 Rxc8 29. Rc1 Rxc1+ 30. Nxc1 Kf8 31. Kf1 a5 32. Ke2 Ke8 33. Nd3 b4 34.
Kd2 Kd7 35. g3 Ba6 36. Nc5+ Bxc5 37. dxc5 Kc6 38. Nd4+ Nxd4 39. Bxd4 Bc8 40. g4
Ba6 41. a3 Bf1 42. h4 Bh3 43. f3 Bf1 44. axb4 axb4 45. b3 Bb5 46. Ke3 1/2-1/2

[Event "Central Serbia 2015 Cup"]
[Site "Vrnjacka Banja"]
[Date "2015.05.03"]
[Round "8.5"]
[White "Mitrovic, Marjan"]
[Black "Smolovic, Mile"]
[Result "1/2-1/2"]
[WhiteElo "2089"]
[BlackElo "2317"]
[PlyCount "37"]
[EventDate "2015.03.22"]

1. Nf3 d6 2. c4 g6 3. g3 Bg7 4. Bg2 Nf6 5. O-O O-O 6. Nc3 Nc6 7. d4 a6 8. h3
Bd7 9. e4 e5 10. Be3 exd4 11. Nxd4 Re8 12. b3 Qc8 13. Kh2 Re5 14. g4 Re8 15.
Qd2 Rb8 16. f4 Nxd4 17. Bxd4 c5 18. Bf2 Bc6 19. Rae1 1/2-1/2

[Event "Central Serbia 2015 Cup"]
[Site "Vrnjacka Banja"]
[Date "2015.05.03"]
[Round "8.5"]
[White "Mirkovic, Stevan"]
[Black "Djoric, Hadzi Goran"]
[Result "1/2-1/2"]
[WhiteElo "2315"]
[BlackElo "2126"]
[PlyCount "42"]
[EventDate "2015.03.22"]

1. Nf3 d5 2. d4 Nf6 3. c4 e6 4. Nc3 Be7 5. Bg5 O-O 6. e3 c6 7. Bd3 Nbd7 8. O-O
Re8 9. Qe2 Nf8 10. Ne5 N6d7 11. Bf4 Nxe5 12. Bxe5 Bf6 13. Bg3 b6 14. Rfd1 Bb7
15. Rac1 Rc8 16. cxd5 exd5 17. Qg4 g6 18. h3 Ne6 19. Bc2 Qe7 20. Bb3 Red8 21.
Qe2 Bg7 1/2-1/2

[Event "Central Serbia 2015 Cup"]
[Site "Vrnjacka Banja"]
[Date "2015.05.03"]
[Round "8.6"]
[White "Cabarkapa, Mijomir"]
[Black "Djokic, Nebojsa"]
[Result "0-1"]
[WhiteElo "2187"]
[BlackElo "2186"]
[PlyCount "70"]
[EventDate "2015.03.22"]

1. Nf3 Nf6 2. d4 g6 3. c4 Bg7 4. Nc3 O-O 5. e4 d6 6. h3 e5 7. dxe5 dxe5 8. Qxd8
Rxd8 9. Bg5 Re8 10. Bd3 c6 11. O-O-O Na6 12. Be3 Nd7 13. a3 Nac5 14. Bc2 a5 15.
Na4 Bf8 16. Nxc5 Nxc5 17. Nd2 Ne6 18. Nb1 Nc5 19. f3 Be6 20. b3 f6 21. Kb2 Kf7
22. Nc3 Red8 23. Rxd8 Rxd8 24. Rd1 Ke8 25. Rxd8+ Kxd8 26. Nb1 Kc7 27. Kc3 f5
28. b4 axb4+ 29. axb4 Nd7 30. Nd2 b6 31. Bb3 c5 32. b5 Be7 33. Kd3 Bh4 34. Ke2
Nf6 35. Bc2 Ne8 0-1

[Event "Central Serbia 2015 Cup"]
[Site "Vrnjacka Banja"]
[Date "2015.05.03"]
[Round "8.6"]
[White "Djukic, Slobodan D"]
[Black "Dragasevic, Dragan"]
[Result "0-1"]
[WhiteElo "2130"]
[BlackElo "2156"]
[PlyCount "119"]
[EventDate "2015.03.22"]

1. e4 d6 2. d4 Nf6 3. Nc3 g6 4. Nf3 Bg7 5. h3 O-O 6. Be3 c6 7. Qd2 Re8 8. a4
Nbd7 9. e5 Nd5 10. Nxd5 cxd5 11. exd6 e6 12. Bb5 a6 13. Bxd7 Qxd7 14. O-O Qxd6
15. Rfe1 Bd7 16. Bf4 Qb6 17. Ne5 Bc8 18. g4 f6 19. Nf3 Bd7 20. g5 fxg5 21. Bxg5
Rf8 22. Ne5 Be8 23. h4 Rf5 24. c3 Rc8 25. Kg2 Qd6 26. Qe3 Qf8 27. Ng4 Bd7 28.
Bh6 Rh5 29. Bxg7 Qxg7 30. Rh1 Rf8 31. f4 Qe7 32. Kg3 Kg7 33. Ne5 Be8 34. a5 Bb5
35. b3 Rhf5 36. c4 Be8 37. Nd3 Qd6 38. Rhe1 Bd7 39. c5 Qc7 40. b4 Bb5 41. Ne5
R8f6 42. Ra2 h6 43. Rg1 Kh7 44. Rf2 Rf8 45. Kg4 Qe7 46. Kh3 Be8 47. Rg4 Qf6 48.
Kg3 Rg8 49. Rf3 Ba4 50. Qd2 Be8 51. Qe3 Rg7 52. Kh3 Ba4 53. Rg1 Bc2 54. Rf2 Be4
55. Rgf1 Rh5 56. Qg3 Bf5+ 57. Kg2 Rxh4 58. Rh1 Rxh1 59. Kxh1 Be4+ 60. Nf3 0-1

[Event "Central Serbia 2015 Cup"]
[Site "Vrnjacka Banja"]
[Date "2015.05.03"]
[Round "8.6"]
[White "Jocovic, Slobodan"]
[Black "Madjar, Stanislav"]
[Result "1/2-1/2"]
[WhiteElo "2078"]
[BlackElo "2181"]
[PlyCount "25"]
[EventDate "2015.03.22"]

1. d4 Nf6 2. Bg5 c5 3. d5 Ne4 4. Bf4 Qb6 5. Bc1 c4 6. e3 Qa5+ 7. c3 b5 8. f3
Nf6 9. e4 d6 10. Be3 Bb7 11. Nd2 e6 12. dxe6 fxe6 13. Nh3 1/2-1/2

[Event "Central Serbia 2015 Cup"]
[Site "Vrnjacka Banja"]
[Date "2015.05.03"]
[Round "8.6"]
[White "Ilic, Aleksandar"]
[Black "Jovcic, Zoran"]
[Result "1/2-1/2"]
[WhiteElo "2097"]
[BlackElo "2129"]
[PlyCount "47"]
[EventDate "2015.03.22"]

1. e4 e6 2. d4 d5 3. Nc3 Bb4 4. e5 b6 5. Bd2 Ne7 6. f4 O-O 7. Nf3 Ba6 8. Nb5
Bxd2+ 9. Qxd2 c6 10. Nd6 Bxf1 11. Rxf1 Nc8 12. Nxc8 Qxc8 13. c3 c5 14. Nh4 Nc6
15. f5 f6 16. exf6 Rxf6 17. dxc5 bxc5 18. O-O-O d4 19. g4 dxc3 20. Qxc3 Nd4 21.
Qc4 Rb8 22. fxe6 Qxe6 23. Qxe6+ Rxe6 24. Rfe1 1/2-1/2

[Event "Central Serbia 2015 Cup"]
[Site "Vrnjacka Banja"]
[Date "2015.05.03"]
[Round "8.7"]
[White "Milutinovic, Bojan"]
[Black "Vasic, Vladimir"]
[Result "0-1"]
[WhiteElo "1733"]
[BlackElo "2178"]
[PlyCount "56"]
[EventDate "2015.03.22"]

1. e4 e5 2. Nf3 Nc6 3. Bc4 Nf6 4. Ng5 d5 5. exd5 Na5 6. Bb5+ c6 7. dxc6 bxc6 8.
Be2 h6 9. Nf3 e4 10. Ne5 Bd6 11. d4 O-O 12. f4 exf3 13. Nxf3 Re8 14. O-O Bg4
15. c4 Bc7 16. b4 Qe7 17. bxa5 Qxe2 18. Qxe2 Rxe2 19. Nbd2 Bxa5 20. Rb1 Bxf3
21. Nxf3 Rxa2 22. Ne5 c5 23. d5 Bc7 24. Nxf7 Rf8 25. Nxh6+ gxh6 26. Bxh6 Rf7
27. Rb3 Ng4 28. Rxf7 Ra1+ 0-1

[Event "Central Serbia 2015 Cup"]
[Site "Vrnjacka Banja"]
[Date "2015.05.03"]
[Round "8.8"]
[White "Gajic, Sladjan"]
[Black "Klcesko, Nebojsa"]
[Result "1/2-1/2"]
[WhiteElo "2082"]
[BlackElo "2000"]
[PlyCount "59"]
[EventDate "2015.03.22"]

1. e4 c6 2. Nc3 d5 3. Nf3 dxe4 4. Nxe4 Bg4 5. Bc4 e6 6. d3 Be7 7. h3 Bxf3 8.
Qxf3 Nf6 9. O-O Nxe4 10. Qxe4 O-O 11. Be3 Bf6 12. c3 Nd7 13. d4 Re8 14. f4 g6
15. Rae1 Bg7 16. g4 Rc8 17. Qf3 Nb6 18. Bb3 Nd5 19. Bf2 b5 20. Bg3 Qd7 21. h4
a5 22. h5 Ne7 23. hxg6 hxg6 24. Bh4 Nd5 25. Re2 Bf6 26. Bg3 Kg7 27. g5 Be7 28.
Rfe1 Bd6 29. Bc2 Ne7 30. Rh2 1/2-1/2

[Event "Central Serbia 2015 Cup"]
[Site "Vrnjacka Banja"]
[Date "2015.05.03"]
[Round "8.8"]
[White "Klcesko, Aleksandar"]
[Black "Predolac, Nikola"]
[Result "0-1"]
[WhiteElo "1717"]
[BlackElo "2050"]
[PlyCount "74"]
[EventDate "2015.03.22"]

1. e4 d5 2. exd5 Qxd5 3. Nc3 Qd6 4. d4 a6 5. Nf3 Nf6 6. g3 b5 7. Bg2 Bb7 8. O-O
e6 9. Bf4 Qb6 10. a3 Nbd7 11. Re1 Be7 12. Qd2 O-O 13. Rad1 Rfd8 14. Qe2 Nd5 15.
Nxd5 Bxd5 16. c3 Rac8 17. b4 Qb7 18. Qe3 Nb6 19. Ra1 Nc4 20. Qd3 h6 21. h4 Bd6
22. Bxd6 cxd6 23. Qe2 Nb6 24. Rac1 Na4 25. Qd3 Rc7 26. Re3 Rdc8 27. Qd2 Nb6 28.
Rd3 Nc4 29. Qe2 Nxa3 30. Ra1 Rxc3 31. Rxc3 Rxc3 32. Ne1 Bxg2 33. Nxg2 Nc4 34.
Rb1 Qf3 35. Qe1 Rc2 36. Rc1 Re2 37. Qf1 Nd2 0-1

[Event "Central Serbia 2015 Cup"]
[Site "Vrnjacka Banja"]
[Date "2015.05.03"]
[Round "8.8"]
[White "Stevcic, Slobodan"]
[Black "Brankovan, Mario"]
[Result "1-0"]
[WhiteElo "2153"]
[BlackElo "1881"]
[PlyCount "79"]
[EventDate "2015.03.22"]

1. c4 c5 2. Nf3 Nc6 3. Nc3 g6 4. g3 Bg7 5. Bg2 d6 6. O-O Nf6 7. d4 cxd4 8. Nxd4
Bd7 9. Rb1 O-O 10. e4 Ne5 11. b3 Bc6 12. Nd5 Ned7 13. Re1 Ne8 14. Bg5 Nef6 15.
Qd2 Re8 16. Nxc6 bxc6 17. Nxf6+ Bxf6 18. Rbd1 Bxg5 19. Qxg5 f6 20. Qd2 Qb6 21.
Kh1 a5 22. f4 Ra7 23. h4 a4 24. b4 a3 25. Re3 Qa6 26. Bf1 Qb7 27. Bh3 Nf8 28.
Bg2 Rb8 29. Rb3 Ra4 30. Rdb1 Qc7 31. Qc3 Qa7 32. e5 fxe5 33. fxe5 Qc7 34. exd6
Qxd6 35. c5 Qe6 36. Bf1 Qf6 37. Bc4+ Kg7 38. Qe3 e6 39. Rf1 Qe7 40. Qe5+ 1-0